ENTERPRISE RISK MANAGEMENT CONCEPTS AND (Record no. 2835)

MARC details
000 -LEADER
fixed length control field 00353nam a2200133Ia 4500
008 - FIXED-LENGTH DATA ELEMENTS--GENERAL INFORMATION
fixed length control field 240624s9999 xx 000 0 und d
041 ## - LANGUAGE CODE
Language code of text/sound track or separate title eng
082 ## - DEWEY DECIMAL CLASSIFICATION NUMBER
Classification number 658.155 VED
100 ## - MAIN ENTRY--PERSONAL NAME
Personal name VEDPURISWAR A V
245 ## - TITLE STATEMENT
Title ENTERPRISE RISK MANAGEMENT CONCEPTS AND
260 ## - PUBLICATION, DISTRIBUTION, ETC.
Date of publication, distribution, etc. 2004
Place of publication, distribution, etc. Hyderabad
Name of publisher, distributor, etc. ICFAI University
300 ## - PHYSICAL DESCRIPTION
Extent ix, : 194 : p. : cm. ; 23
365 ## - TRADE PRICE
Currency code RS
Holdings
Withdrawn status Lost status Damaged status Not for loan Home library Current library Shelving location Date acquired Source of acquisition Cost, normal purchase price Full call number Barcode Date last seen Copy number Price effective from Koha item type
        IMTN IMTN Rack 25-B 12/08/2005 ICFAI 300.00 658.155 VED 2835 06/24/2024 1 06/24/2024 Books
Designed & Maintained by: LRC IMT Nagpur Contact: lrc@imtnag.ac.in© 2024. All Rights Reserved.